000 00486nam a2200181Ia 4500
003 OSt
005 20260106111149.0
008 210210b1949 xxu||||| |||| 00| 0 eng d
040 _cAL
041 _aKannada
082 _a859/1570
100 _aRAMARAV (M)
_9155913
_dರಾಮರಾವ್ (ಎಂ)
245 _aJivarasa:
_bಜೀವರಸ
260 _aBengaluru
_bSatyashodhana Prakatana Mandira
_c1949
690 _aKannada Fiction
_9155914
906 _a022297
942 _2ddc
_cBK
999 _c146597
_d146597